| 000 | 01614nam a22003494a 4500 | ||
|---|---|---|---|
| 001 | ebr10169990 | ||
| 003 | CaPaEBR | ||
| 006 | m u | ||
| 007 | cr cn||||||||| | ||
| 008 | 040518s2004 ctuab sb 001 0 eng | ||
| 010 | _z 2004011610 | ||
| 020 | _z0300103328 (cloth : alk. paper) | ||
| 040 |
_aCaPaEBR _cCaPaEBR |
||
| 035 | _a(OCoLC)228171361 | ||
| 043 | _an-us--- | ||
| 050 | 1 | 4 |
_aQH104 _b.W637 2004eb |
| 082 | 0 | 4 |
_a577.6/4/0973 _222 |
| 100 | 1 |
_aWohl, Ellen E., _d1962- |
|
| 245 | 1 | 0 |
_aDisconnected rivers _h[electronic resource] : _blinking rivers to landscapes / _cEllen Wohl. |
| 246 | 3 | 0 | _aRivers |
| 260 |
_aNew Haven : _bYale University Press, _cc2004. |
||
| 300 |
_axiii, 301 p. : _bill., maps. |
||
| 504 | _aIncludes bibliographical references (p. [273]-297) and index. | ||
| 505 | 0 | _aWhy should we care about rivers? -- American rivers -- Conquering a new world : pioneer impacts -- Poisoning America : commercial impacts -- Institutional conquest : bureaucratic impacts -- Trying to do the right thing : rehabilitation impacts -- Thinking in terms of rivers. | |
| 533 |
_aElectronic reproduction. _bPalo Alto, Calif. : _cebrary, _d2013. _nAvailable via World Wide Web. _nAccess may be limited to ebrary affiliated libraries. |
||
| 650 | 0 |
_aStream ecology _zUnited States. |
|
| 650 | 0 |
_aWatershed management _zUnited States. |
|
| 650 | 0 |
_aStream conservation _zUnited States. |
|
| 655 | 7 |
_aElectronic books. _2local |
|
| 710 | 2 | _aebrary, Inc. | |
| 856 | 4 | 0 |
_uhttp://site.ebrary.com/lib/rucke/Doc?id=10169990 _zAn electronic book accessible through the World Wide Web; click to view |
| 999 |
_c246629 _d246629 |
||